Permainan sampingan

Bibliographic Details
Main Author: Jasiman Ahmad
Format: Book
Published: Kuala Lumpur : Goodmark Enterprise , 2004
Series:Siri permainan traditional
Subjects:

MARC

LEADER 00000cam a2200000 7i4500
001 0000004602
005 20151222.0
008 070730
020 |a 9830573338 
090 0 0 |a CUS   |b MAL 
100 0 |a Jasiman Ahmad 
245 1 0 |a Permainan sampingan   |c Jasiman Ahmad 
260 |a Kuala Lumpur :   |b Goodmark Enterprise ,   |c 2004 
440 0 |a Siri permainan traditional 
500 |a Children ages 10-12 years old (pink) 
650 0 |a Games   |x Custom 
650 0 |a Games   |x Traditional 
999 |a 0000013589   |b Book   |c Children Collection   |e Cawangan Taman Universiti 
999 |a 0000013590   |b Book   |c Children Collection   |e Cawangan Taman Universiti 
999 |a 0000013591   |b Book   |c Children Collection   |e Cawangan Taman Universiti 
999 |a 0000013592   |b Book   |c Children Collection   |e Cawangan Taman Universiti 
999 |a 0000978485   |b Book   |c Children Collection   |e Cawangan Bandar Tenggara 
999 |a 0000978486   |b Book   |c Children Collection   |e Cawangan Tmn. Ungku Tun Aminah 
999 |a 0000978488   |b Book   |c Children Collection   |e Cawangan Segamat 
999 |a 0000978489   |b Book   |c Children Collection   |e Cawangan Taman Sri Lambak 
999 |a 000912364   |b Book   |c Teenagers   |e Cawangan Bandar Tenggara